Основы кибернетики и управление в биологических и медицинских системах: учебное пособие

Bibliographic Details
Main Author: Березин С. Я. Сергей Яковлевич
Summary:В учебном пособии рассмотрены основные вопросы, касающиеся биомедицинской кибернетики, теории систем, теории управления, типизации управляющих систем и основных принципов управления. Учебное пособие предназначено для студентов вузов, обучающихся по направлению "Биотехнические системы и технологии".
Language:Russian
Published: Старый Оскол, ТНТ, 2024
Subjects:
Format: Book
KOHA link:https://koha.lib.tpu.ru/cgi-bin/koha/opac-detail.pl?biblionumber=680098

MARC

LEADER 00000nam0a2200000 4500
001 680098
005 20250919135054.0
010 |a 978-5-94178-290-1 
090 |a 680098 
100 |a 20250507d2024 m||y0rusy50 ca 
101 0 |a rus 
102 |a RU 
105 |a a j 001yy 
181 0 |a i   |b  e  
182 0 |a n 
183 0 |a nc  |2 RDAcarrier 
200 1 |a Основы кибернетики и управление в биологических и медицинских системах  |e учебное пособие  |f С. Я. Березин 
203 |a Текст  |b визуальный  |c непосредственный 
210 |a Старый Оскол  |c ТНТ  |d 2024 
215 |a 243 с.  |c ил. 
283 |a volume  |2 RDAcarrier 
320 |a Литература в конце глав 
330 |a В учебном пособии рассмотрены основные вопросы, касающиеся биомедицинской кибернетики, теории систем, теории управления, типизации управляющих систем и основных принципов управления. Учебное пособие предназначено для студентов вузов, обучающихся по направлению "Биотехнические системы и технологии". 
606 |a Кибернетика  |x Применение в медицине  |9 59544 
610 1 |a медицинская кибернетика 
610 1 |a теория систем 
610 1 |a биология 
610 1 |a бионика 
610 1 |a нейрокибернетика 
610 1 |a автоматическое управление 
610 1 |a медицина 
610 1 |a биотехнические системы 
610 1 |a биотехнические технологии 
610 1 |a автоматическое управление 
610 1 |a управляющие системы 
610 1 |a регулируемые системы 
610 1 |a самонастраивающиеся системы 
610 1 |a адаптивные системы 
610 1 |a биологическое управление 
610 1 |a нейрокибернетика 
610 1 |a учебные пособия 
675 |a 61:004(075.8)  |v 4 
700 1 |a Березин  |b С. Я.  |g Сергей Яковлевич 
801 0 |a RU  |b 63413507  |c 20250513 
850 |a 63413507 
942 |c BK